Income tax act 2025 (Record no. 396366)

MARC details
000 -LEADER
fixed length control field 00508 a2200205 4500
005 - DATE & TIME
control field 20260226110935.0
008 - FIXED-LENGTH DATA ELEMENTS--GENERAL INFORMATION
fixed length control field 260225b |||||||| |||| 00| 0 eng d
020 ## - ISBN
International Standard Book Number 9789371267892
Price Rs. 2395.00
040 ## - CATALOGING SOURCE
Original cataloging agency VIVEKANANDA LIBRARY
082 ## - DDC NUMBER
Classification number 343.052
Book Number T199I
100 ## - MAIN ENTRY--PERSONAL NAME
Personal name Taxmann
245 ## - TITLE STATEMENT
Title Income tax act 2025
250 ## - EDITION STATEMENT
Edition statement 71st
260 ## - PUBLICATION, DISTRIBUTION, ETC. (IMPRINT)
Name of publisher, distributor, etc Taxmann
Date of publication, distribution, etc 2025
Place of publication, distribution, etc New Delhi
300 ## - PHYSICAL DESCRIPTION
Pages v.
650 ## - Subject
Subject Taxation-Law and Legislation
650 ## - Subject
Subject Direct Taxes-India
650 ## - Subject
Subject Revenue Law-India
942 ## - ADDED ENTRY ELEMENTS (KOHA)
Koha item type Books
Holdings
Withdrawn status Lost status Source of classification or shelving scheme Damaged status Not for loan Location (home branch) Sublocation or collection (holding branch) Shelving location Date acquired Koha issues (times borrowed) Koha full call number Accession No. Koha date last seen Koha item type
    Dewey Decimal Classification     VIVEKANANDA LIBRARY VIVEKANANDA LIBRARY Law Library 23/02/2026   343.052 T199I 377999 23/02/2026 Books
    Dewey Decimal Classification     VIVEKANANDA LIBRARY VIVEKANANDA LIBRARY Law Library 23/02/2026   343.052 T199I 377998 23/02/2026 Books
    Dewey Decimal Classification     VIVEKANANDA LIBRARY VIVEKANANDA LIBRARY Law Library 23/02/2026   343.052 T199I 378001 23/02/2026 Books
    Dewey Decimal Classification     VIVEKANANDA LIBRARY VIVEKANANDA LIBRARY Law Library 23/02/2026   343.052 T199I 378000 23/02/2026 Books
    Dewey Decimal Classification     VIVEKANANDA LIBRARY VIVEKANANDA LIBRARY Law Library 23/02/2026   343.052 T199I 377997 23/02/2026 Books
© Designed and Maintained by Vivekananda Library, MDU Rohtak